Aquaponic Food Production/ (Record no. 756894)

MARC details
000 -LEADER
fixed length control field 00320nam a22001337a 4500
020 ## - INTERNATIONAL STANDARD BOOK NUMBER
ISBN 978-81-19677-85-6
082 ## - DEWEY DECIMAL CLASSIFICATION NUMBER
Classification number 631.585MAC/A
100 ## - MAIN ENTRY--AUTHOR NAME
Personal name Mac,Tim
245 ## - TITLE STATEMENT
Title Aquaponic Food Production/
Statement of responsibility, etc by Tim Mac
260 ## - PUBLICATION, DISTRIBUTION, ETC. (IMPRINT)
Place of publication .-Newdelhi
Name of publisher :DPH
Year of publication ,2025
300 ## - PHYSICAL DESCRIPTION
Number of Pages 236p
942 ## - ADDED ENTRY ELEMENTS (KOHA)
Source of classification or shelving scheme Dewey Decimal Classification
Koha item type Book
Holdings
Withdrawn status Lost status Source of classification or shelving scheme Damaged status Not for loan Home Library Current Location Shelving location Date acquired Source of acquisition Full call number Accession Number Price effective from Koha item type
    Dewey Decimal Classification     Dept. of Aquatic Biology and Fisheries Dept. of Aquatic Biology and Fisheries General Stacks 18/02/2026 ABD/8 631.585MAC/A AQU6610 24/02/2026 Book